000 00710nam a2200253Ia 4500
003 OSt
005 20220924115457.0
006 a|||||r|||| 00| 0
007 ta
008 220923b |||||||| |||| 00| 0 hin d
024 _a186432
037 _cTextual
040 _aARTS
_cARTS
_bhin
041 _2hin
_ahin
082 _aY:860j88.2.D, M8
100 _aPandey Indu Prabha
_9178402
245 0 _aDress and ornaments in ancient India
260 _aDelhi
_bBhartiya Vidya Prakashan India
_c1988
300 _axv, 232 p.
_ccm.
500 _aBibliography p219-226
650 _aSOCIOLOGY
942 _hY:860j88.2.D, M8
_cTEXL
_2CC
999 _c398476
_d398476